Statistics for Lyrics from the Aladdin song Friend Like Me

Click here to take the quiz!

General Stats

  • This quiz has been taken 17 times
    (12 since last reset)
  • The average score is 255 of 346

Answer Stats

Answer% Correct
a
100%
A
100%
And
100%
and
100%
B.
100%
er
100%
go
100%
got
100%
ha-
100%
ha
100%
ha.
100%
ha!
100%
had
100%
I
100%
in
100%
me.
100%
me
100%
me,
100%
never
100%
no.
100%
no
100%
So
100%
so
100%
the
100%
up
100%
you
100%
You
100%
Your
100%
your
100%
ain't
91%
friend.
91%
friend,
91%
friend
91%
like
91%
magic
91%
power
91%
some
91%
that
91%
that?
91%
we
91%
well
91%
Well
91%
what
91%
40
82%
Ali
82%
all
82%
Baba
82%
Can
82%
corner
82%
cus
82%
do
82%
fails.
82%
for
82%
gotta
82%
is
82%
it
82%
lamp
82%
luck
82%
now,
82%
of
82%
rub
82%
sleeves
82%
them
82%
thousand
82%
wish?
82%
wish
82%
you're
82%
You've
82%
be?
73%
brand
73%
friends
73%
Have
73%
have
73%
master
73%
out
73%
pull
73%
say.
73%
Say
73%
tales
73%
this?
73%
this
73%
want
73%
will
73%
Aladdin
64%
down.
64%
ever
64%
i'll
64%
Mister
64%
or
64%
sir
64%
thieves,
64%
to
64%
heavy
55%
help
55%
how?
55%
how
55%
I'm
55%
i'm
55%
it's
55%
little
55%
mood
55%
my.
55%
my
55%
oh
55%
on
55%
pleasure
55%
punch,
55%
take
55%
then
55%
yours,
55%
boss,
45%
but
45%
column
45%
dish
45%
dude.
45%
hats?
45%
here
45%
here.
45%
jot
45%
king,
45%
Let
45%
let
45%
Life
45%
make
45%
order,
45%
restaurant
45%
three.
45%
three
45%
true
45%
try
45%
two
45%
Yes
45%
baklava?
36%
bout
36%
maitre d.
36%
more
36%
ourselves
36%
pride
36%
rip.
36%
See
36%
service.
36%
shah.
36%
their
36%
there
36%
what's
36%
Ya-
36%
yahoo
36%
abracadabra
27%
answer
27%
big
27%
buggy-eyed.
27%
camp.
27%
Come
27%
disappear?
27%
genie
27%
know.
27%
looky
27%
pizzazz,
27%
powerful
27%
really
27%
Scheherazade
27%
slack-jawed
27%
urge
27%
Wah-
27%
Wah-ah-ah
27%
whisper
27%
amunition
18%
bona
18%
certified.
18%
Hey
18%
job,
18%
midday
18%
Mister
18%
poof?
18%
prayers.
18%
sit
18%
sucker
18%
that's
18%
charge
9%
d'affaires.
9%
don'tcha
9%
doubt
9%
fide
9%
hey-oh.
9%
list
9%
long
9%
miles
9%
nabob.
9%
Wah-ah-ah
9%

Score Distribution

Percentile by Number Answered

Percent of People with Each Score

Your Score History

You have not taken this quiz since the last reset